[Event "Adelquis Remon"]
[Site "Adelquis Remon"]
[Date "1997.??.??"]
[Round "?"]
[White "Leyva, Ricardo"]
[Black "Blanco, Cesar Augusto"]
[Result "1-0"]
[WhiteElo "2250"]
[BlackElo "2335"]

1.e4 c5 2.Nf3 Nc6 3.d4 cxd4 4.Nxd4 Qb6 5.Nb3 Nf6 6.Nc3 e6 7.Bd3 a6 8.Be3 Qc7
9.f4 d6 10.Qe2 Be7 11.O-O-O b5 12.g4 Nd7 13.g5 Nc5 14.Nxc5 dxc5 15.e5 Bb7
16.Be4 b4 17.Na4 Na5 18.Bxb7 Nxb7 19.h4 Qc6 20.b3 Rc8 21.h5 Na5 22.Kb1 c4
23.Bb6 Nb7 24.Rh2 O-O 25.h6 g6 26.Qg2 Bc5 27.Nxc5 Nxc5 28.Qxc6 Rxc6 29.Ba5 Rb8
30.Bxb4 Kf8 31.Rd6 Rc7 32.Bxc5 Rxc5 33.Rxa6 c3 34.Rd6 Rb4 35.Rf2 Re4 36.a4 Ke7
37.Ka2 Rd5 38.Rf3 Rxd6 39.exd6+ Kxd6 40.Ka3 e5 41.fxe5+ Ke6 42.a5 Rxe5 43.a6 Rxg5
44.b4 Rg1 45.b5 Rb1 46.Ka4 g5 47.Rxc3 g4 48.a7  1-0

[Event "Ano Liosia op"]
[Site "Ano Liosia"]
[Date "1997.??.??"]
[Round "3"]
[White "Arakhamia, Ketevan"]
[Black "Botsari Miladinovic, Anna Maria"]
[Result "1-0"]
[WhiteElo "2490"]
[BlackElo "2330"]

1.e4 c5 2.Nf3 Nc6 3.d4 cxd4 4.Nxd4 Qc7 5.Nc3 e6 6.Be2 a6 7.O-O Nf6 8.Kh1 Bb4
9.Nxc6 bxc6 10.f4 Bxc3 11.bxc3 Nxe4 12.Qd4 Nf6 13.Ba3 d5 14.c4 a5 15.cxd5 cxd5
16.c4 Ba6 17.Rac1 Qa7 18.Qe5 Rd8 19.f5 Qb8 20.Qe3 d4 21.Qg5 Qe5 22.Bf3  1-0

[Event "Argenteuil"]
[Site "Argenteuil"]
[Date "1997.??.??"]
[Round "1"]
[White "Knezevic, Bojan"]
[Black "Lukov, Valentin"]
[Result "1/2-1/2"]
[WhiteElo "2360"]
[BlackElo "2475"]

1.e4 c5 2.Nf3 Nc6 3.d4 cxd4 4.Nxd4 Qc7 5.Nc3 e6 6.Be3 a6 7.a3 Nf6 8.f4 d6
9.Be2 Be7 10.O-O O-O 11.Qe1 Nxd4 12.Bxd4 b5 13.Qg3 Bb7 14.Rae1 Rad8  1/2-1/2

[Event "Argenteuil"]
[Site "Argenteuil"]
[Date "1997.??.??"]
[Round "3"]
[White "Chomet, Pascal"]
[Black "Lukov, Valentin"]
[Result "1-0"]
[WhiteElo "2360"]
[BlackElo "2475"]

1.e4 c5 2.Nf3 Nc6 3.d4 cxd4 4.Nxd4 Qc7 5.Be3 Nf6 6.Nc3 e6 7.Bd3 a6 8.O-O Nxd4
9.Bxd4 Bc5 10.Bxc5 Qxc5 11.Na4 Qc7 12.c4 d6 13.Rc1 O-O 14.Qe2 Bd7 15.Nc3 Qc5
16.Kh1 Qh5 17.Qxh5 Nxh5 18.Rfd1 Nf6 19.Bb1 Rfc8 20.Rxd6 Be8 21.Nd1 b5 22.Ne3 Ra7
23.b3 a5 24.Rcd1 bxc4 25.Nxc4 Kf8 26.f3 Ke7 27.R6d2 Rc5 28.Bd3 Nd7 29.Kg1 Nb8
30.Be2 Nc6 31.Nd6 Nb4 32.a4 Rac7 33.Nxe8 Kxe8 34.Bc4 Ke7 35.Kf2 g5 36.Rd8 h5
37.Rh8 h4 38.g3 hxg3+ 39.hxg3 Rc8 40.Rxc8 Rxc8 41.Rh1 Kf6 42.f4 gxf4 43.gxf4 Nc2
44.Rh5 Na3 45.Bd3 Rc3 46.Ke2 Rxb3 47.Rxa5 Nb1 48.Ra7 Rb4 49.a5 Nc3+ 50.Ke3 Nd1+
51.Ke2 Nb2 52.Bc2 e5 53.Ra6+ Ke7 54.Rb6 Rxb6 55.axb6 Kd6 56.fxe5+ Kc6 57.Bb3 Kxb6
58.Kd2 Kc5 59.Kc3 Na4+ 60.Bxa4  1-0

[Event "Argenteuil"]
[Site "Argenteuil"]
[Date "1997.??.??"]
[Round "7"]
[White "Dussart, Frederic"]
[Black "Knezevic, Bojan"]
[Result "0-1"]
[WhiteElo "2265"]
[BlackElo "2360"]

1.e4 c5 2.Nf3 Nc6 3.d4 cxd4 4.Nxd4 Qb6 5.Nb3 Nf6 6.Nc3 e6 7.Bd3 a6 8.Be3 Qc7
9.f4 d6 10.Qf3 Be7 11.O-O-O b5 12.g4 Nd7 13.g5 Nb4 14.Kb1 Nxd3 15.cxd3 b4
16.Ne2 a5 17.Rc1 Qb7 18.Qh3 g6 19.Qg3 a4 20.Nd2 Qb5 21.Bf2 Ba6 22.Nc4 O-O
23.Nd4 Qb7 24.f5 exf5 25.exf5 Rfc8 26.fxg6 hxg6 27.Nxd6 Bxd6 28.Qxd6 Nc5
29.Nb5 Ne6 30.Nd4 Bxd3+ 31.Ka1 Nc5 32.Rhd1 Ra6 33.Qg3 Be4 34.Qh3 Bf5 35.Qe3 Be4
36.Qh3 Raa8 37.Qg3 Qd5 38.Qe3 Nb3+ 39.Nxb3 Rxc1+ 40.Qxc1 axb3 41.a3 Bd3 42.Be3 bxa3
43.bxa3 Qe5+  0-1

[Event "EU-ch Rapid (Women)"]
[Site "Athens"]
[Date "1997.??.??"]
[Round "2"]
[White "Carvalho, Alda"]
[Black "Schroecker, Maria Luise"]
[Result "0-1"]
[WhiteElo "2130"]
[BlackElo "2130"]

1.e4 c5 2.Nf3 Nc6 3.d4 cxd4 4.Nxd4 Qc7 5.Nc3 e6 6.Be3 Nf6 7.Bd3 a6 8.O-O Be7
9.Nxc6 bxc6 10.Qf3 d6 11.Qg3 Nh5 12.Qg4 g6 13.Bg5 e5 14.Qh4 f6 15.Bh6 Be6
16.Be2 f5 17.Bg5 Nf4 18.Bxe7 Nxe2+ 19.Nxe2 Qxe7 20.Qxe7+ Kxe7 21.exf5 Bxf5
22.c3 Rab8 23.b3 Rhf8 24.c4 a5 25.Nc3 g5 26.Rad1 Rf6 27.Rfe1 Rbf8 28.Rd2 Bg6
29.Red1 Rd8 30.Re1 Re6 31.f3 h6 32.Kf2 Rf8 33.Ke2 h5 34.h3 Bf5 35.Kd1 g4
36.fxg4 hxg4 37.h4 g3 38.Re3 Rg8 39.Ne2 Bg4 40.Kc2 Bxe2 41.Rdxe2 Rh6 42.Re4 Rf8
43.Rg4 Ke6 44.Rxg3 Rxh4 45.Kc3 Rhf4 46.Rg6+ R8f6 47.Rxf6+ Kxf6 48.Kd3 Ke6
49.a4 Rg4 50.Rf2 d5 51.cxd5+ cxd5 52.Rc2 Rg3+ 53.Kd2 Rxg2+  0-1

[Event "EU-ch Rapid (Women)"]
[Site "Athens"]
[Date "1997.??.??"]
[Round "12"]
[White "Jap Tjoen San, Linda"]
[Black "Schroecker, Maria Luise"]
[Result "1/2-1/2"]
[WhiteElo "2175"]
[BlackElo "2130"]

1.e4 c5 2.Nf3 Nc6 3.d4 cxd4 4.Nxd4 Qc7 5.Nc3 e6 6.f4 a6 7.Nb3 b5 8.Bd3 Bb7
9.Qf3 d6 10.O-O Nf6 11.Be3 Be7 12.Rae1 Nb4 13.Nd4 Nxd3 14.cxd3 Rc8 15.Qg3 Nh5
16.Qh3 g6 17.f5 e5 18.fxg6 hxg6 19.Nf3 Qd7 20.g4 Rh7 21.Qg2 Nf6 22.h3 Kf8
23.Ng5 Rh8 24.Re2 Kg7 25.Ref2 Rcf8 26.Ne2 Qd8 27.Ng3 Bc8 28.Ne2 Be6 29.Nxe6+ fxe6
30.Ng3 Nd7 31.d4 Rxf2 32.Rxf2 Rf8 33.d5 Rxf2 34.Qxf2 exd5 35.exd5 Bh4  1/2-1/2

[Event "AUT-chT2W 9798"]
[Site "Austria"]
[Date "1997.??.??"]
[Round "1"]
[White "Opl, Klaus"]
[Black "Martinovic, Slobodan"]
[Result "1-0"]
[WhiteElo "2340"]
[BlackElo "2470"]

1.e4 c5 2.Nf3 Nc6 3.d4 cxd4 4.Nxd4 Qb6 5.Nb3 Nf6 6.Nc3 e6 7.Bd3 Be7 8.O-O O-O
9.Be3 Qc7 10.f4 d6 11.Qf3 a6 12.Kh1 b5 13.a3 Bb7 14.Qh3 b4 15.axb4 Nxb4 16.e5 dxe5
17.fxe5 Qxe5 18.Ra5 Nxd3 19.Rxe5 Nxe5 20.Na5 Bc8 21.Bd4 Ng6 22.Bxf6 Bxf6
23.Rxf6 gxf6 24.Ne4 e5 25.Qh6  1-0

[Event "Wch Seniors"]
[Site "Bad Wildbad"]
[Date "1997.??.??"]
[Round "9.14"]
[White "Luboshitz, Alexander"]
[Black "Rosen, Willy"]
[Result "1/2-1/2"]
[WhiteElo "2205"]
[BlackElo "2285"]

1.e4 c5 2.Nf3 Nc6 3.d4 cxd4 4.Nxd4 Qb6 5.Nb3 Nf6 6.Nc3 e6 7.Bd3 a6 8.O-O Qc7
9.a4 b6 10.f4 d6 11.Qf3 Bb7 12.Be3 Be7 13.Rae1 Nb4 14.h3 Nd7 15.Bd4 O-O 16.Kh1 e5
17.Be3 exf4 18.Bxf4 Ne5 19.Qg3 Ng6 20.Bg5 Bxg5 21.Qxg5 Rae8 22.Nd4 Re5 23.Qg3 Rfe8
24.Nf3 R5e7 25.Nd4 Qc5 26.Nf5 Re6 27.Rd1 d5 28.exd5 Nxd5 29.Ne4 Qf8 30.Ned6 Ne3
31.Nxb7 Nxf1 32.Rxf1 Ne5 33.Bxa6 g6 34.Bb5 Rc8 35.c3 Rc7 36.Nfd6 Qe7 37.Rd1 h5
38.Qf4 Kg7 39.Qd4 Qf6 40.Rf1 Qg5 41.Qf4 Qxf4 42.Rxf4 Kf8 43.Rd4 f6 44.Nd8 Ree7
45.Nc4 Nxc4 46.Bxc4 Re1+ 47.Kh2 Rce7 48.Rd6 R7e4 49.Bb5 h4 50.Bd3 Rxa4 51.g3 Ra2
52.Rxf6+ Ke7 53.Rxb6 Kxd8 54.gxh4 Rd1 55.Bxg6 Rd2+ 56.Kg3 Raxb2 57.Rxb2 Rxb2
58.c4 Ke7 59.Be4 Kf6 60.Bd5 Kg7 61.Kg4 Kh6 62.h5 Rc2 63.Be6 Rxc4+  1/2-1/2

[Event "BEL-chT9697"]
[Site "BEL"]
[Date "1997.??.??"]
[Round "9"]
[White "Van der Linden, Bert"]
[Black "Kishnev, Sergey"]
[Result "1/2-1/2"]
[WhiteElo "2310"]
[BlackElo "2485"]

1.e4 c5 2.Nf3 Nc6 3.d4 cxd4 4.Nxd4 Qb6 5.Nb3 Nf6 6.Nc3 e6 7.Be3 Qc7 8.a3 a6
9.Qd2 b5 10.Bf4 d6 11.Bg5 Bb7 12.Bd3 Be7 13.O-O Ne5 14.Rae1 Nc4 15.Bxc4 bxc4
16.Nd4 h6 17.Bh4 g5 18.Bg3 Nh5 19.Nde2 O-O-O 20.b3 Rd7 21.Na4 Bd8 22.Qc3 e5
23.f3 Nxg3 24.Nxg3 Qc6 25.Nf5 cxb3 26.cxb3 Qxc3 27.Nxc3 Bb6+ 28.Kh1 Kb8 29.Rd1 Rc8
30.Na4 Ba7 31.Rxd6 Rxd6 32.Nxd6 Rc7 33.h4 gxh4 34.Kh2 Bc8 35.Nxc8 Kxc8 36.Rd1 Bd4
37.Rd2 Rc1 38.Kh3 Rh1+ 39.Kg4 Kb7 40.Rc2 Rh2 41.Nc5+ Ka8 42.Nxa6 h5+ 43.Kxh5 h3
44.Rc8+ Kb7 45.Rc7+ Kxa6 46.gxh3 Rxh3+ 47.Kg4 Rh7 48.Rc6+ Kb5 49.Rf6 Be3
50.Rd6 Rg7+ 51.Kh5 Bf4 52.Rd5+ Kc6 53.b4 f6 54.a4 Rg5+ 55.Kh4 Be3 56.Kh3 Bf2
57.Kh2 Bg3+ 58.Kh3 Be1 59.b5+ Kc7 60.Rd1 Bf2 61.Rd2 Bd4 62.a5 f5 63.Kh4 Rg8
64.exf5 Rb8 65.b6+ Kb7 66.f4 Ka6 67.fxe5 Bxe5  1/2-1/2

[Event "Berliner Sommer"]
[Site "Berlin"]
[Date "1997.??.??"]
[Round "5"]
[White "Plump, Detlef"]
[Black "Guenther, T."]
[Result "1-0"]
[WhiteElo "2255"]
[BlackElo "2088"]

1.e4 c5 2.Nf3 Nc6 3.d4 cxd4 4.Nxd4 Qb6 5.Nb3 Nf6 6.Nc3 e6 7.Be3 Qc7 8.Bd3 a6
9.f4 d6 10.Qf3 Be7 11.O-O-O O-O 12.g4 Nb4 13.g5 Nxd3+ 14.cxd3 Nd7 15.Kb1 Nc5
16.f5 Nxb3 17.axb3 Re8 18.f6 Bf8 19.Bd4 b5 20.Rc1 Qb7 21.fxg7 Bxg7 22.Bxg7 Kxg7
23.Qf6+ Kg8 24.e5 d5 25.Ne2 Qe7 26.Qf4 Bb7 27.Ng3 Kh8 28.Nh5 Rec8 29.Nf6 Qf8
30.Nh5 Qe7 31.Rhf1 Rxc1+ 32.Rxc1 Rc8 33.Rf1 Kg8 34.Nf6+ Kg7 35.Qh4 Qc7 36.Qxh7+ Kf8
37.d4 a5 38.Qd3 Ba6 39.g6 a4 40.Rg1 axb3 41.g7+ Ke7 42.Qxb3  1-0

[Event "Berliner Sommer"]
[Site "Berlin"]
[Date "1997.??.??"]
[Round "5"]
[White "Gurevich, Vladimir"]
[Black "Golod, Vitali"]
[Result "1/2-1/2"]
[WhiteElo "2435"]
[BlackElo "2515"]

1.e4 c5 2.Nf3 Nc6 3.d4 cxd4 4.Nxd4 Qb6 5.Nb3 Nf6 6.Nc3 e6 7.Bd3 Be7 8.O-O a6
9.Be3 Qc7 10.f4 O-O 11.Qf3 d6 12.a4 b6 13.Kh1 Rb8 14.Rae1 Nb4 15.Nd4  1/2-1/2

[Event "Bourbon Lancy op"]
[Site "Bourbon Lancy"]
[Date "1997.??.??"]
[Round "6"]
[White "Mitkov, Nikola"]
[Black "Gofshtein, Leonid D"]
[Result "0-1"]
[WhiteElo "2455"]
[BlackElo "2545"]

1.e4 c5 2.Nf3 Nc6 3.d4 cxd4 4.Nxd4 Qb6 5.Nb3 Nf6 6.Nc3 e6 7.Bd3 a6 8.O-O Be7
9.Kh1 Qc7 10.f4 d6 11.Qf3 Nb4 12.Be3 b5 13.Be2 Bb7 14.Nd4 g6 15.a3 Nc6 16.Bd3 Na5
17.Rae1 Rc8 18.Bc1 Nc4 19.Qh3 e5 20.Nde2 exf4 21.Bxf4 Qd7 22.Qf3 Ne5 23.Qf2 O-O
24.Nd4 Nfg4 25.Qe2 Bh4 26.Rd1 Rfe8 27.h3 Nf6 28.Nf3 Nxf3 29.Qxf3 Qe6 30.Bh2 Bg5
31.Qg3 h6 32.Rfe1 Rcd8 33.Re2 Nh5 34.Qf3 Qf6 35.Rf1 Qxf3 36.Rxf3 Bf6 37.g4 Bxc3
38.bxc3 Ng7 39.Rfe3 Ne6 40.Kg1 g5 41.e5 Nf4 42.Re1 Ng2 43.Kf2 Nxe1 44.Rxe1 dxe5
45.Rxe5 Rxe5 46.Bxe5 Re8 47.Bd4 Be4 48.Be3 Kg7 49.c4 Bxd3 50.cxd3 bxc4 51.dxc4 Re4
52.c5 Kf6  0-1

[Event "Slovan op"]
[Site "Bratislava"]
[Date "1997.??.??"]
[Round "5"]
[White "Bekiarisova, Alena"]
[Black "Oral, Tomas"]
[Result "0-1"]
[WhiteElo "2125"]
[BlackElo "2415"]

1.e4 c5 2.Nf3 Nc6 3.d4 cxd4 4.Nxd4 Qc7 5.Nc3 e6 6.Be3 a6 7.a4 Nf6 8.Bd3 Ne5
9.f3 Bb4 10.Qd2 O-O 11.Nde2 d5 12.exd5 Nxd5 13.Bf2 Nxc3 14.bxc3 Bc5 15.Nd4 Ng6
16.O-O e5 17.Nf5 Bxf5 18.Bxf5 Rfd8 19.Qe1 Ne7 20.Bd3 Nd5 21.Qe4 Nf6 22.Qe1 Nd5
23.Qe4 g6 24.Rae1 Nxc3 25.Qxe5 Bd6 26.Qf6 Bxh2+ 27.Kh1 Nd5 28.Qh4 Be5 29.Re4 Bf6
30.Qg4 h5 31.Qh3 Rac8 32.Rfe1 Nf4 33.Bg3 Nxh3 34.Bxc7 Nf2+ 35.Kg1 Nxe4 36.Bxd8 Bd4+
37.Kh2 Nc5 38.Re8+ Kh7 39.Bc4 Bf6 40.Rf8 Rxd8  0-1

[Event "Ciocaltea mem"]
[Site "Bucharest"]
[Date "1997.??.??"]
[Round "2"]
[White "Nevednichy, Vladislav"]
[Black "Cosma, Ioan"]
[Result "1/2-1/2"]
[WhiteElo "2535"]
[BlackElo "2495"]

1.e4 c5 2.Nf3 Nc6 3.d4 cxd4 4.Nxd4 Qc7 5.Nc3 e6 6.Be3 a6 7.Bd3 Nf6 8.O-O Ne5
9.h3 Bc5 10.Kh1 d6 11.f4 Ng6 12.Qe2 O-O 13.Rae1 e5 14.fxe5 dxe5 15.Nf5 Bxe3
16.Qxe3 Nf4 17.g3 Nxd3 18.cxd3 Bxf5 19.Rxf5 Qd6 20.Ref1 Ne8 21.Nd5  1/2-1/2

[Event "Ciocaltea mem"]
[Site "Bucharest"]
[Date "1997.??.??"]
[Round "6"]
[White "Iordachescu, Viorel"]
[Black "Cosma, Ioan"]
[Result "1/2-1/2"]
[WhiteElo "2485"]
[BlackElo "2495"]

1.e4 c5 2.Nf3 Nc6 3.d4 cxd4 4.Nxd4 Qc7 5.Nc3 e6 6.Be2 a6 7.O-O Nf6 8.Be3 d6
9.f4 Be7 10.Qe1 O-O 11.Qg3 Nxd4 12.Bxd4 b5 13.a3 Bb7 14.Kh1 Bc6 15.Rae1 Rae8
16.Bd3 e5 17.fxe5 Nh5 18.Qh3 dxe5 19.Be3 Nf4 20.Bxf4 exf4 21.e5 g6 22.Be4 f5
23.Nd5 Qb7 24.Nxe7+ Rxe7 25.Qb3+ Kg7 26.Bxc6 Qxc6 27.Qb4 Rfe8 28.Qxf4 Qxc2
29.Rf2 Qc4 30.Qxc4 bxc4 31.Rfe2 Rd8 32.Kg1 Rd4 33.Kf2 Kf7 34.e6+ Kf6 35.h3 a5
36.Kf3 h5 37.g3 a4 38.h4 Rd3+ 39.Kf4 c3 40.bxc3 Rxc3 41.Re3 Rc4+ 42.Kf3 Rc6
43.Rb1 Rexe6 44.Rd3 Rb6 45.Rc1 Rec6 46.Re1 Rc2 47.Re8 Rcb2 48.Kf4 Rf2+ 49.Rf3 Rxf3+
50.Kxf3 Rb3+ 51.Kf4 Rxa3 52.Ra8 Ra1 53.Ra6+ Kf7 54.Ra7+ Ke6 55.Kg5 Ra3 56.Ra6+ Ke5
57.Ra5+ Ke4 58.Kxg6 Rxg3+ 59.Kxh5 a3 60.Ra4+ Ke5 61.Ra5+ Ke6 62.Ra6+ Kd7
63.Ra4 Kc6 64.Kh6 Rb3 65.Kg5 Kb5 66.Ra8 Rf3 67.h5 Kb4 68.h6 Rh3 69.Rb8+ Kc4
70.Rc8+ Kb3 71.Rb8+ Kc2 72.Rc8+ Kb3 73.Rb8+ Kc2  1/2-1/2

[Event "Ciocaltea mem"]
[Site "Bucharest"]
[Date "1997.??.??"]
[Round "8"]
[White "Moldovan, Daniel"]
[Black "Kiselev, Sergey"]
[Result "0-1"]
[WhiteElo "2435"]
[BlackElo "2485"]

1.e4 c5 2.Nf3 Nc6 3.d4 cxd4 4.Nxd4 Qb6 5.Nb3 Nf6 6.Nc3 e6 7.Bd3 Be7 8.Be3 Qc7
9.f4 d6 10.Qf3 a6 11.O-O O-O 12.Rae1 Nb4 13.a3 Nxd3 14.cxd3 b5 15.Rc1 Qb8
16.Na5 Bd7 17.Na2 Bd8 18.Nc6 Bxc6 19.Rxc6 a5 20.f5 Qb7 21.Rcc1 b4 22.a4 Re8
23.fxe6 Rxe6 24.Kh1 d5 25.exd5 Qxd5 26.Qxd5 Nxd5 27.Bd4 Nb6 28.Bxb6 Bxb6
29.Rce1 Rc8  0-1

[Event "Honved"]
[Site "Budapest"]
[Date "1997.??.??"]
[Round "1"]
[White "Fogarasi, Tibor"]
[Black "Horvath, Jozsef"]
[Result "1/2-1/2"]
[WhiteElo "2450"]
[BlackElo "2535"]

1.e4 c5 2.Nf3 Nc6 3.d4 cxd4 4.Nxd4 Qc7 5.Nc3 e6 6.Be3 a6 7.Bd3 Nf6 8.O-O Ne5
9.h3 Bc5 10.Kh1 d6 11.f4 Ng6 12.Qf3 O-O 13.f5 Ne5 14.Qg3 Qe7 15.Nce2 exf5
16.exf5 b5 17.Bg5 Bb7 18.Qh4 Rfe8 19.Rae1 h6 20.Bxf6 Qxf6 21.Qxf6 gxf6 22.Rd1 Kh7  1/2-1/2

[Event "Budapest FS06 IM"]
[Site "Budapest"]
[Date "1997.??.??"]
[Round "4"]
[White "Senff, Martin"]
[Black "Salinnikov, DY."]
[Result "1-0"]
[WhiteElo "2250"]
[BlackElo "2260"]

1.e4 c5 2.Nf3 Nc6 3.d4 cxd4 4.Nxd4 Qb6 5.Nb3 Nf6 6.Nc3 e6 7.g3 d6 8.Bg2 Be7
9.O-O O-O 10.Qe2 Bd7 11.Be3 Qc7 12.Nb5 Qb8 13.a4 a6 14.Nc3 b6 15.f4 Qc7 16.Rad1 Bc8
17.g4 Nd7 18.g5 Re8 19.Qh5 g6 20.Qh4 Rb8 21.Rf3 Nf8 22.f5 gxf5 23.exf5 Ne5
24.Rf2 exf5 25.Nd4 Nfg6 26.Qg3 Ng4 27.Nd5 Qd7 28.Nxf5 Qxf5 29.Rxf5 Bxf5 30.Nxe7+ Rxe7
31.Bd4 Rbe8 32.Rf1 Bc8 33.Bd5 N4e5 34.Bxb6 h5 35.Bd4 h4 36.Qf2 Bh3 37.Bg2 Bd7
38.Bxe5 dxe5 39.Be4 Bxa4 40.b3 Bd7 41.Qb6 Bh3 42.Bxg6 Bxf1 43.Be4 Bh3 44.Qh6  1-0

[Event "Budapest FS03 IM-A"]
[Site "Budapest"]
[Date "1997.??.??"]
[Round "5"]
[White "Szabo, Zsolt"]
[Black "Mashinskaya, Iulia"]
[Result "1-0"]
[WhiteElo "2355"]
[BlackElo "2240"]

1.e4 c5 2.Nf3 Nc6 3.d4 cxd4 4.Nxd4 Qc7 5.Nc3 e6 6.g3 a6 7.Bg2 Nf6 8.O-O Nxd4
9.Qxd4 Bc5 10.Qd3 d6 11.Be3 Bxe3 12.Qxe3 Bd7 13.Rfd1 Bc6 14.Rd3 O-O 15.Rad1 Rad8
16.Qd2 Ng4 17.Rd4 Qb6 18.h3 Ne5 19.b3 Qc5 20.Kh2 f5 21.f4 Ng6 22.b4 Qb6 23.Rxd6 Rde8
24.Nd5 exd5 25.exd5 Ne7 26.dxc6 Nxc6 27.a3 Re3 28.c4 Rxa3 29.b5 axb5 30.Qd5+ Kh8
31.cxb5 Qe3 32.bxc6 bxc6 33.Rd8 Ra8 34.Rxa8 Rxa8 35.Qd8+ Qe8 36.Qxe8+ Rxe8
37.Bxc6 Re2+ 38.Kg1 h6 39.Bf3 Re3 40.Kf2 Ra3 41.Be2 Kg8 42.Rd3  1-0

[Event "Budapest FS12 IM-A"]
[Site "Budapest"]
[Date "1997.??.??"]
[Round "7"]
[White "Nguyen Thi Tuong Van"]
[Black "Zalkind, Karmi"]
[Result "1-0"]
[WhiteElo "2160"]
[BlackElo "2315"]

1.e4 c5 2.Nf3 Nc6 3.d4 cxd4 4.Nxd4 Qc7 5.Nc3 e6 6.Be2 a6 7.O-O Nf6 8.Kh1 Bb4
9.Nxc6 bxc6 10.f4 d6 11.Bd3 O-O 12.Qe1 e5 13.fxe5 dxe5 14.Rxf6 gxf6 15.Bh6 Kh8
16.Qh4 Qd8 17.Bxf8 Bxf8 18.Rf1 Be7 19.Ne2 Be6 20.Ng3 f5 21.Qh5 f4 22.Qxe5+ Bf6
23.Qxf4 Bxb2 24.e5 Qg8 25.Nh5  1-0

[Event "Budapest FS06 GM"]
[Site "Budapest"]
[Date "1997.??.??"]
[Round "8"]
[White "Acs, Peter"]
[Black "Csom, Istvan"]
[Result "1/2-1/2"]
[WhiteElo "2420"]
[BlackElo "2460"]

1.e4 c5 2.Nf3 Nc6 3.d4 cxd4 4.Nxd4 Qb6 5.Nb3 Nf6 6.Nc3 e6 7.Bd3 d6 8.O-O a6
9.a4 Qc7 10.a5 Bd7 11.Be3 Nb4 12.f4 e5 13.Be2 Be7 14.f5 Rc8 15.Bf3 Qb8 16.Rf2 Rc4
17.Nd2 Rc8 18.Nb3 Rc4 19.Be2 Rc8 20.Qd2 h6 21.Bf3  1/2-1/2

[Event "Honved"]
[Site "Budapest"]
[Date "1997.??.??"]
[Round "10"]
[White "Fogarasi, Tibor"]
[Black "Csom, Istvan"]
[Result "1-0"]
[WhiteElo "2450"]
[BlackElo "2460"]

1.e4 c5 2.Nf3 Nc6 3.d4 cxd4 4.Nxd4 Qb6 5.Nb3 Nf6 6.Nc3 e6 7.Bd3 Be7 8.f4 d6
9.Qf3 a6 10.g4 Nd7 11.g5 h6 12.Qh3 Nf8 13.f5 Ne5 14.Rf1 Qd8 15.gxh6 Bh4+
16.Ke2 g5 17.Be3 Bd7 18.Nd4 Rxh6 19.Qg2 Qe7 20.Rad1 Rc8 21.Kd2 b5 22.Kc1 Nxd3+
23.Rxd3 b4 24.Nce2 e5 25.Nf3 Nh7 26.Rfd1 Bc6 27.Nxh4 Rxh4 28.Ng3 Qb7 29.Rxd6 f6
30.Qd2 Kf7 31.Kb1 Rc7 32.Rd8 Bxe4 33.Nxe4 Rxe4 34.Rh8 Kg7 35.Qd8 Qc8 36.Qxc8 Rxc8
37.Rxc8 Rxe3 38.Rd7+ Kh6 39.Kc1 Rf3 40.Rh8 g4 41.Rdxh7+ Kg5 42.Rg8+ Kxf5
43.Rh4 Rf1+ 44.Kd2 Rf2+ 45.Ke3 Rxc2 46.Rhxg4 b3 47.axb3 Rxb2 48.b4 Rb3+ 49.Kd2 e4
50.h4 Rxb4 51.Rg1  1-0

[Event "Honved"]
[Site "Budapest"]
[Date "1997.??.??"]
[Round "10"]
[White "Gross, Dav"]
[Black "Horvath, Jozsef"]
[Result "1/2-1/2"]
[WhiteElo "2360"]
[BlackElo "2535"]

1.e4 c5 2.Nf3 Nc6 3.d4 cxd4 4.Nxd4 Qc7 5.Nc3 e6 6.f4 a6 7.Nf3 b5 8.Bd3 Bc5
9.Qe2 Nd4 10.Nxd4 Bxd4 11.Nd1 Nf6 12.Be3 Bxe3 13.Qxe3 Bb7 14.O-O O-O 15.e5 Nd5
16.Qh3 Qc5+ 17.Kh1 g6 18.Qg3 f5 19.c3 d6 20.exd6 Qxd6 21.Ne3 Nxc3 22.Nxf5 exf5
23.bxc3 Rac8 24.Rfd1 Qf6 25.Rac1 Rxc3 26.Rxc3 Qxc3 27.Bxf5 Bxg2+ 28.Qxg2 Rxf5
29.Rd8+ Kg7 30.Rd7+ Kh6 31.Qb7 Qa1+ 32.Kg2 Qxa2+ 33.Kg3 Qg8 34.Kg4 Rf6 35.Re7 b4
36.Qxb4 Qd5 37.Re3 Qg2+ 38.Rg3 Qe2+ 39.Rf3 Rf5 40.Qd6 Qg2+ 41.Rg3 Qe2+ 42.Rf3 Kg7
43.Qd4+ Rf6 44.Qd7+ Rf7 45.Qd4+ Kh6 46.Qc5 Qe6+ 47.Kg3 Rf5 48.Qd4 Rh5 49.h4 Qe7
50.f5 Qe1+ 51.Kh3 Qh1+ 52.Kg3 Qe1+ 53.Kh3 Qh1+  1/2-1/2

[Event "Budapest FS12 IM-A"]
[Site "Budapest"]
[Date "1997.??.??"]
[Round "10"]
[White "Karatorossian, David"]
[Black "Zalkind, Karmi"]
[Result "1/2-1/2"]
[WhiteElo "2335"]
[BlackElo "2315"]

1.e4 c5 2.Nf3 Nc6 3.d4 cxd4 4.Nxd4 Qc7 5.Nc3 e6 6.a3 a6 7.Be3 Nf6 8.f3 Be7
9.Qd2 d6 10.Bd3 O-O  1/2-1/2

[Event "Cairo-B"]
[Site "Cairo"]
[Date "1997.??.??"]
[Round "3"]
[White "Hakki, Imad"]
[Black "Horvath, Jozsef"]
[Result "1/2-1/2"]
[WhiteElo "2395"]
[BlackElo "2535"]

1.e4 c5 2.Nf3 Nc6 3.d4 cxd4 4.Nxd4 Qc7 5.Nc3 e6 6.g3 a6 7.Bg2 Nf6 8.O-O Bc5
9.Nxc6 dxc6 10.Na4 Ba7 11.c4 b5 12.e5 Nd7 13.cxb5 axb5 14.Nc3 Ba6 15.Ne4 Nxe5
16.Bf4 O-O 17.Qh5 f6 18.Rac1 b4 19.Rfe1 Bb5 20.Bh3 g6 21.Nxf6+ Rxf6 22.Qxe5 Qxe5
23.Rxe5 Bd4 24.Rxe6 Bxb2 25.Rb1 Bc4 26.Rxf6 Bxf6 27.Rxb4  1/2-1/2

[Event "Cairo-B"]
[Site "Cairo"]
[Date "1997.??.??"]
[Round "8"]
[White "Sarwat, Walaa"]
[Black "Horvath, Jozsef"]
[Result "0-1"]
[WhiteElo "2360"]
[BlackElo "2535"]

1.e4 c5 2.Nf3 Nc6 3.d4 cxd4 4.Nxd4 Qc7 5.Nb5 Qb8 6.Bd3 e6 7.O-O Nf6 8.Be3 Be7
9.f4 O-O 10.c4 d6 11.Nd2 b6 12.Kh1 Bb7 13.Rf3 g6 14.Rh3 Rd8 15.Qe2 Nb4 16.Bb1 Nd7
17.Nf3 Nf8 18.f5 Rd7 19.Bg5 Qd8 20.Qd2 Nc6 21.Bc2 Ne5 22.Bxe7 Qxe7 23.fxe6 Nxe6
24.Qh6 f6 25.Rd1 Ng5 26.Nxg5 fxg5 27.Rg3 g4 28.h3 Qf6 29.Qd2 gxh3 30.Rxh3 a6
31.Nc3 Rf7 32.Bb3 Ng4 33.Kg1 Raf8 34.c5 d5 35.Qe2 Qf2+ 36.Qxf2 Nxf2 37.c6 Bxc6
38.exd5 Bd7 39.d6  0-1

[Event "Cairo-B"]
[Site "Cairo"]
[Date "1997.??.??"]
[Round "10"]
[White "Himdan, Maher"]
[Black "Horvath, Jozsef"]
[Result "1/2-1/2"]
[WhiteElo "2350"]
[BlackElo "2535"]

1.e4 c5 2.Nf3 Nc6 3.d4 cxd4 4.Nxd4 Qc7 5.Nc3 e6 6.Be3 a6 7.a3 Nf6 8.Be2 Be7
9.O-O O-O 10.f4 d6 11.Qe1 Nxd4 12.Bxd4 b5 13.Qg3 Bb7 14.Kh1 Bc6 15.e5 dxe5
16.Bxe5 Qb7 17.f5 exf5 18.Rxf5 Ne8 19.Rd1 f6 20.Bf4 g6 21.Bf3 Bxf3 22.gxf3 Ng7
23.Rfd5 Rad8 24.Bc7 Rc8 25.Ba5 Rf7 26.Bb4 Qc6 27.Bxe7 Rxe7 28.Qd6 Nf5 29.Qxc6 Rxc6
30.Rd7 Kf7 31.Rxe7+ Kxe7 32.Kg1 Rc4 33.Kf2 Rh4 34.Nd5+ Kf7 35.Kg2 g5 36.Rd3 Rc4
37.c3 h5 38.h3 Ke6 39.Kf2 Ke5 40.Nb4 a5 41.Nc2 Rh4 42.Ne1 Ke6 43.Kg2 a4 44.Nc2 g4
45.hxg4 hxg4 46.fxg4 Rxg4+ 47.Kf2 Ke5 48.Nb4 Ke4 49.Rd8 Rf4+ 50.Ke1 Ne3 51.Ke2 Ng2
52.Nd3 Rh4 53.Rd4+ Kf5 54.Rd5+ Ke4 55.Rxb5 Nf4+ 56.Nxf4 Rh2+ 57.Kd1 Kxf4
58.c4 Ke3 59.Kc1 Rh4 60.c5 Rc4+ 61.Kb1 f5 62.c6 f4 63.Re5+ Kd4 64.Re6 Kd5
65.Rf6 Ke5 66.Rh6 Kd5 67.Rf6 Ke5 68.Rh6 Kf5 69.b3 axb3 70.Kb2 f3 71.Rh3 Kg4
72.Rh6 Kg5 73.Rh3 Kg4 74.Rh6 f2 75.Rf6 Kg3 76.Rg6+ Kh2 77.Rh6+ Kg2 78.Rg6+  1/2-1/2

[Event "Goodricke op"]
[Site "Calcutta"]
[Date "1997.??.??"]
[Round "1"]
[White "Neelakantan, Narayanan"]
[Black "Reefat bin Satter"]
[Result "1/2-1/2"]
[WhiteElo "2255"]
[BlackElo "2410"]

1.e4 c5 2.Nf3 Nc6 3.d4 cxd4 4.Nxd4 Qc7 5.Nc3 e6 6.Be2 a6 7.O-O Nf6 8.Kh1 Bb4
9.Bg5 Bxc3 10.Bxf6 gxf6 11.bxc3 Ne7 12.Qd2 h5 13.f4 b6 14.Bf3 Bb7 15.e5 Bxf3
16.Nxf3 Nd5 17.f5 Qxc3 18.Qxc3 Nxc3 19.exf6 Rc8 20.fxe6 dxe6 21.Ne5 b5 22.Rf3 Rg8
23.Re1 b4 24.Rh3 Nxa2 25.Rd3 Nc3 26.Rd7 Nd5 27.Rxf7 Rf8 28.Rxf8+ Kxf8 29.Rf1 Ne3
30.Ng6+ Kf7 31.Ne5+ Kf8 32.Ng6+ Kf7 33.Ne5+ Kg8 34.Rf3 b3 35.f7+ Kg7 36.f8=Q+ Rxf8
37.Rxf8 Kxf8 38.cxb3 Ke7 39.Kg1 Kd6 40.Nd3 Nf5 41.Kf2 a5 42.g3 Nd4 43.b4 a4
44.Nb2  1/2-1/2

[Event "Goodricke op"]
[Site "Calcutta"]
[Date "1997.??.??"]
[Round "5"]
[White "Malisauskas, Vidmantas"]
[Black "Rahman, Ziaur"]
[Result "1/2-1/2"]
[WhiteElo "2530"]
[BlackElo "2480"]

1.e4 c5 2.Nf3 Nc6 3.d4 cxd4 4.Nxd4 Qc7 5.Nc3 e6 6.Be3 a6 7.g3 Nf6 8.Bg2 Ne5
9.O-O Bc5 10.h3 Nc4 11.Bc1 d6 12.b3 Ne5 13.Na4 Ba7 14.c4 Bd7 15.Nb2 h6 16.Be3 O-O
17.Qd2 Rfd8 18.Rac1 Be8 19.Rfe1 Qe7 20.Nc2 Bxe3 21.Qxe3 Nfd7 22.Nd4 h5 23.f4 Ng6
24.Nd3 Nc5 25.Nxc5 dxc5 26.Nf3 Bc6 27.h4 Qd6 28.Qe2 Qd3 29.Rcd1 Qc3 30.Kh2 Ne7
31.Rxd8+ Rxd8 32.Rd1 Qa5 33.Ne5 Be8 34.Rxd8 Qxd8 35.Qd3 Qc7 36.Qd1 f6  1/2-1/2

[Event "Goodricke op"]
[Site "Calcutta"]
[Date "1997.??.??"]
[Round "5"]
[White "Muralidharan, MB."]
[Black "Reefat bin Satter"]
[Result "1-0"]
[WhiteElo "2360"]
[BlackElo "2410"]

1.e4 c5 2.Nf3 Nc6 3.d4 cxd4 4.Nxd4 Qc7 5.Nc3 e6 6.f4 a6 7.Be3 b5 8.Nb3 Bb7
9.Bd3 d6 10.O-O Nf6 11.Kh1 Be7 12.a3 O-O 13.Qf3 Rac8 14.Qh3 b4 15.Ne2 bxa3
16.bxa3 e5 17.Ng3 exf4 18.Rxf4 Ne5 19.Raf1 Ng6 20.R4f2 d5 21.exd5 Nxd5 22.Bd4 Bd6
23.Nf5 Be5 24.Be4 Bxd4 25.Nbxd4 Rce8 26.Bd3 Kh8 27.Qg4 Re5 28.c4 Nf6 29.Qg3 Qd7
30.Be2 Rfe8 31.Nxg7 Qxd4 32.Nxe8 Nh5 33.Qd3 Qxd3 34.Bxd3 Rxe8 35.Rxf7 Ba8
36.Bxg6  1-0